Statistiques concernant Quiz sur l'Allemagne

Cliquez ici pour prendre le quiz!

Statistiques générales

  • Ce quiz a été pris 17 fois
  • Le résultat moyen est 7 sur 15

Statistiques - réponses

QuestionRéponse% Correct
Quel est le surnom de la sélection allemande ?la Manschaft
100%
Combien de Coupe du Monde ont-ils remportés ?4
94%
Qui est le sélectionneur actuel de l'Allemagne?Julian Nageslmann
76%
Contre quelle sélection ?Angleterre
65%
Combien de championnats d'europe ont-ils remportés?3
59%
Quel est le joueur allemand avec le plus de sélections ?Lothar Matthäus
41%
Qui est le meilleur buteur de la sélection allemande?Miroslav Klose
41%
Contre quelle sélection ?Suisse
41%
Quelle est la plus large défaite de la sélection ?0-9
35%
Contre quelle sélection ?Empire Russe
29%
Quelle est la plus large victoire de la sélection allemande ?16-0
24%
Quelle est l'année de la première rencontre officielle de l'allemagne ?1908
24%
Avec combien de sélections ?150
18%
Avec combien de buts ?71
18%
Qui est le capitaine actuel de l' Allemagne ?İlkay Gündoğan
12%

Distribution des résultats

Percentile par nombre de réponses

% des personnes avec chaque résultat

Votre développement - résultats

Vous n’avez pas pris ce quiz